000 00249nam a22001217a 4500
040 _cSY
082 _a596
100 _aMARSHALL
245 _aPhysiology of mammals and other vertebrates
260 _aRUA
_bMAR
_c2004
300 _a343p.
942 _cKB
999 _c9689
_d9689